00317nam a2200133Ia 45000030006000000080041000060400015000471000016000622450038000782500011001162600027001275460012001540050017001660STCL150530s9999 xx 000 0 und d aSTCLcSTCL aBrown, A.J. aIntroduction to the world economy aSecond bUnwin universityc1966 aEnglish20220125165525.0